| 000 | 01012nam a2200289 a 4500 | ||
|---|---|---|---|
| 001 | 000023168 | ||
| 005 | 20200930022031.0 | ||
| 008 | 101129s1993 ve r 000 0 spa d | ||
| 020 | _a9800107398 | ||
| 040 |
_aDO-SdBNP _bspa _cBNPHU |
||
| 041 | 1 | 7 |
_aspa _hfre _2Código de idioma MARC |
| 082 |
_a896.3931 _bL864b |
||
| 100 | 1 |
_aLopes, Henri, _d1937- _947692 |
|
| 240 | 1 | 0 |
_aLe chercheur d'Afriques _lEspañol. |
| 245 | 1 | 0 |
_aEl buscador de Africas / _cHenri Lopes ; prólogo Antonio Pasquali traducción Rosario Alonso-De León. |
| 260 |
_aCaracas, Venezuela : _bMonte Ávila Editores Latinoamericana, _c1993. |
||
| 300 |
_a275, [1] p. ; _c21 cm. |
||
| 490 | 1 | _aContinentes | |
| 500 | _aIncluye notas al pie de las páginas. | ||
| 534 |
_aTítulo orinal: _tLe chercheur d'Afriques |
||
| 650 | 4 |
_aNovela congo _947693 |
|
| 650 | 4 |
_aLiteratura congo _947694 |
|
| 700 | 1 |
_aPasquali, Antonio _epról. _941349 |
|
| 700 | 1 |
_aAlonso-De León, Rosario _etr. _947695 |
|
| 830 | 0 |
_aContinentes _95341 |
|
| 049 | _aBNGR | ||
| 999 |
_c22665 _d22665 |
||